[Event "Laplante-Dubreuil m"]
[Site "Chambly CAN"]
[Date "2011.01.05"]
[Round "9"]
[White "Dubreuil, Raymond"]
[Black "Laplante, Germain"]
[Result "1-0"]
[WhiteElo "1514"]
[BlackElo "1354"]
[PlyCount "99"]
[EventDate "2010.11.24"]
[EventType "match"]
[EventRounds "10"]
[EventCountry "CAN"]

1. e4 c6 2. d4 d5 3. Nc3 dxe4 4. Nxe4 Bf5 5. Ng3 Bg6 6. h4 h6 7. h5 Bh7 8. Nf3
e6 9. Bd3 Bxd3 10. Qxd3 Nf6 11. Be3 Bd6 12. Ne4 Nxe4 13. Qxe4 Nd7 14. Qg4 Qf6
15. O-O-O O-O-O 16. Nd2 Rdg8 17. Ne4 Qe7 18. Nxd6+ Qxd6 19. Bf4 Nf6 20. Qf3 Qd5
21. Qa3 a5 22. Qe7 Qd7 23. Qc5 Qd5 24. Qb6 Qd8 25. Qa7 Nd5 26. Qb8+ Kd7 27.
Qxb7+ Nc7 28. Qa7 Qb8 29. Qxa5 Qb7 30. Qxc7+ Qxc7 31. Bxc7 Kxc7 32. g4 Ra8 33.
a3 Rhb8 34. Rh3 Ra4 35. Rf3 f6 36. Re3 Kd6 37. c3 Rb5 38. Rde1 e5 39. Re4 exd4
40. Rd1 Rd5 41. f3 Rc4 42. Kb1 dxc3 43. Rxd5+ cxd5 44. Rxc4 dxc4 45. bxc3 Kc5
46. Kc2 Kb5 47. Kd2 Ka4 48. Ke3 Kxa3 49. Kd4 Kb3 50. f4 1-0

[Event "Laplante-Dubreuil m"]
[Site "Chambly CAN"]
[Date "2011.01.09"]
[Round "10"]
[White "Laplante, Germain"]
[Black "Dubreuil, Raymond"]
[Result "0-1"]
[WhiteElo "1354"]
[BlackElo "1514"]
[PlyCount "116"]
[EventDate "2010.11.24"]
[EventType "match"]
[EventRounds "10"]
[EventCountry "CAN"]

1. d4 Nf6 2. Bf4 g6 3. h3 d5 4. e3 Bg7 5. Be2 c5 6. c3 Nc6 7. Nd2 cxd4 8. exd4
O-O 9. Ngf3 Na5 10. O-O Qb6 11. b4 Nc6 12. a4 Bf5 13. Nh4 Ne4 14. Nxf5 Nxc3 15.
Nxe7+ Nxe7 16. Qe1 Nf5 17. Nf3 Nxd4 18. Nxd4 Bxd4 19. Bf3 Rfe8 20. Qd2 Ne4 21.
Bxe4 Rxe4 22. Rad1 Qf6 23. Be3 Bc3 24. Qxd5 Rxb4 25. Bd4 Rxd4 26. Rxd4 Bxd4 27.
Qxb7 Re8 28. g3 Qe6 29. Kg2 Qe4+ 30. Qxe4 Rxe4 31. Kf3 Re6 32. Rd1 Rf6+ 33. Ke4
Bxf2 34. g4 Ra6 35. Kf3 Bb6 36. Ra1 Ra5 37. Ke4 h5 38. Ra2 hxg4 39. hxg4 f6 40.
Kf4 Kg7 41. Ke4 f5+ 42. gxf5 gxf5+ 43. Kf4 Kf6 44. Ra1 Bd4 45. Ra2 Be5+ 46. Kf3
Rc5 47. Ra3 a6 48. Rb3 Rc3+ 49. Rxc3 Bxc3 50. Kf4 Be5+ 51. Kf3 Kg5 52. Ke3 Kg4
53. Kf2 f4 54. Kg2 Bd4 55. Kh2 Kf3 56. Kh1 Ke2 57. Kg2 f3+ 58. Kh1 f2 0-1

[Event "Leo McMahon"]
[Site "Brantford CAN"]
[Date "2010.01.21"]
[Round "1"]
[White "Dunkel, Andreas"]
[Black "Cormier, Gilles"]
[Result "0-1"]
[WhiteElo "1200"]
[BlackElo "1652"]
[PlyCount "88"]
[EventDate "2010.01.21"]
[EventType "swiss"]
[EventRounds "5"]
[EventCountry "CAN"]

1. d4 Nf6 2. c4 e6 3. Nc3 Bb4 4. a3 Bxc3+ 5. bxc3 c5 6. Nf3 b6 7. Bf4 d5 8.
dxc5 bxc5 9. e3 Nc6 10. cxd5 Nxd5 11. Bb5 Bb7 12. Ne5 Nde7 13. Qa4 Qb6 14. O-O
f6 15. Nxc6 Bxc6 16. c4 Bxb5 17. Qxb5+ Qxb5 18. cxb5 e5 19. Bg3 Nf5 20. Rac1
Rc8 21. Rc4 Nd6 22. Rc3 Nxb5 23. Rb3 Nd6 24. f4 c4 25. Rc3 Ne4 26. Rc2 Ke7 27.
fxe5 Nxg3 28. exf6+ gxf6 29. hxg3 Rhg8 30. Rfc1 Rg4 31. Kf2 Ke6 32. Kf3 f5 33.
Rc3 Rcg8 34. Rxc4 Rxg3+ 35. Kf2 Rxg2+ 36. Kf3 R8g3+ 37. Kf4 Rg4+ 38. Kf3 Rxc4
39. Rxc4 Rg7 40. e4 fxe4+ 41. Rxe4+ Kd5 42. Ke3 Rg3+ 43. Kf4 Rg4+ 44. Kf5 Rxe4
0-1

[Event "Leo McMahon"]
[Site "Brantford CAN"]
[Date "2010.01.21"]
[Round "1"]
[White "Enstrom, Henrik"]
[Black "Nurmi, T."]
[Result "0-1"]
[WhiteElo "1428"]
[BlackElo "1850"]
[PlyCount "98"]
[EventDate "2010.01.21"]
[EventType "swiss"]
[EventRounds "5"]
[EventCountry "CAN"]

1. c4 f5 2. b3 Nf6 3. Bb2 e6 4. Nf3 b6 5. g3 Bb7 6. Bg2 Be7 7. O-O O-O 8. d3 d6
9. Ng5 Bxg2 10. Nxe6 Qc8 11. Nxf8 Bxf1 12. Ng6 hxg6 13. Qxf1 Qb7 14. Nd2 Nbd7
15. Nf3 d5 16. Rd1 Re8 17. Qe1 Bd6 18. Qd2 c5 19. Nh4 Nf8 20. e3 Be5 21. d4
cxd4 22. exd4 Ne4 23. Qd3 Bf6 24. Ng2 Ne6 25. Ne3 Nc7 26. Ba1 Qc6 27. f3 Ng5
28. Kg2 dxc4 29. Nxc4 Nd5 30. Ne5 Bxe5 31. dxe5 Nb4 32. Qe3 Ne6 33. Kf2 Rd8 34.
Rxd8+ Nxd8 35. Qd4 Nd5 36. f4 Ne6 37. Qd2 Nc5 38. Qd4 Ne6 39. Qd2 Qc5+ 40. Kf3
Qc6 41. Kf2 Nc5 42. Qd4 Ne4+ 43. Kf3 Qc5 44. Bb2 Qxd4 45. Bxd4 Kf7 46. g4 Ke6
47. h4 a6 48. g5 b5 49. Kg2 Nxf4+ 0-1

[Event "Leo McMahon"]
[Site "Brantford CAN"]
[Date "2010.01.21"]
[Round "1"]
[White "Gashi, Agron"]
[Black "Mills, Nigel"]
[Result "1-0"]
[WhiteElo "1922"]
[BlackElo "1355"]
[PlyCount "39"]
[EventDate "2010.01.21"]
[EventType "swiss"]
[EventRounds "5"]
[EventCountry "CAN"]

1. d4 Nf6 2. c4 Nc6 3. Nc3 e5 4. d5 Nd4 5. e3 Nf5 6. Nf3 e4 7. Nd2 Bb4 8. Qc2
Qe7 9. a3 Bxc3 10. Qxc3 d6 11. b4 Bd7 12. Bb2 O-O 13. h4 Rfe8 14. h5 Ba4 15.
Be2 b6 16. g4 Nh6 17. g5 Nxh5 18. gxh6 Nf6 19. Rg1 Nh5 20. Rxg7+ 1-0

[Event "Leo McMahon"]
[Site "Brantford CAN"]
[Date "2010.01.21"]
[Round "1"]
[White "Hendrey, Kevin"]
[Black "Osborne, Donald"]
[Result "1-0"]
[WhiteElo "1688"]
[BlackElo "1210"]
[PlyCount "39"]
[EventDate "2010.01.21"]
[EventType "swiss"]
[EventRounds "5"]
[EventCountry "CAN"]

1. c4 c5 2. Nc3 Nc6 3. g3 e5 4. Bg2 Nge7 5. Nf3 d6 6. O-O g6 7. d3 Nd4 8. Bg5
Be6 9. Ne4 Bg7 10. Nxd4 exd4 11. Qa4+ Bd7 12. Nxd6+ Kf8 13. Qb3 Rb8 14. Bf4 Qb6
15. Qxb6 axb6 16. Nxb7 Rc8 17. Nd6 Rd8 18. Rfb1 Nc6 19. Bd5 Rg8 20. Nxf7 1-0

[Event "Leo McMahon"]
[Site "Brantford CAN"]
[Date "2010.01.28"]
[Round "2"]
[White "Cormier, Gilles"]
[Black "Gashi, Agron"]
[Result "1/2-1/2"]
[WhiteElo "1652"]
[BlackElo "1922"]
[PlyCount "71"]
[EventDate "2010.01.21"]
[EventType "swiss"]
[EventRounds "5"]
[EventCountry "CAN"]

1. d4 d6 2. e4 Nf6 3. Nc3 Nbd7 4. Nf3 e5 5. Be2 c6 6. O-O Be7 7. h3 h6 8. Be3
Qc7 9. Qd2 b5 10. a3 a5 11. Bd3 Rb8 12. d5 b4 13. axb4 axb4 14. Ne2 cxd5 15.
Ng3 d4 16. Nxd4 exd4 17. Bxd4 Nc5 18. f4 Nxd3 19. cxd3 O-O 20. Ra7 Rb7 21. Rc1
Qb8 22. Ra5 Bd8 23. Ra2 Rb5 24. Kh1 Be6 25. Ra6 Kh7 26. Rcc6 Ne8 27. Nf5 Rxf5
28. exf5 Bd5 29. Rc2 Qb5 30. Ra7 Bb3 31. Rc8 Bh4 32. Qe3 Rg8 33. Raa8 Bd5 34.
Rab8 Bb7 35. Rxe8 Qc6 36. Qe2 1/2-1/2

[Event "Leo McMahon"]
[Site "Brantford CAN"]
[Date "2010.01.28"]
[Round "2"]
[White "Mills, Nigel"]
[Black "Dunkel, Andreas"]
[Result "1-0"]
[WhiteElo "1355"]
[BlackElo "1200"]
[PlyCount "93"]
[EventDate "2010.01.21"]
[EventType "swiss"]
[EventRounds "5"]
[EventCountry "CAN"]

1. e4 e5 2. Nf3 Nc6 3. Bb5 Nf6 4. Nc3 Bd6 5. d4 exd4 6. Nxd4 Be5 7. Be3 a6 8.
Be2 d5 9. exd5 Nxd5 10. Nxc6 Bxc3+ 11. bxc3 bxc6 12. Bd4 O-O 13. O-O Re8 14.
Bf3 Bf5 15. c4 Nb4 16. c3 Be4 17. cxb4 Bxf3 18. gxf3 Qg5+ 19. Kh1 Re6 20. Rg1
Qh6 21. Bxg7 Qh3 22. Be5+ Kf8 23. Bxc7 Re7 24. Bd6 Rd8 25. Bxe7+ Kxe7 26. Re1+
Kf8 27. Qxd8+ Kg7 28. Qg5+ Kf8 29. Qg4 Qh6 30. Rad1 Qf6 31. Rd7 h6 32. Ree7
Qa1+ 33. Kg2 Qf6 34. Rxf7+ Qxf7 35. Rxf7+ Kxf7 36. Qd7+ Kf8 37. Qxc6 h5 38.
Qd6+ Ke8 39. c5 h4 40. c6 h3+ 41. Kxh3 a5 42. bxa5 Kf7 43. c7 Kg7 44. c8=R Kf7
45. Rc7+ Ke8 46. Qd7+ Kf8 47. Qf7# 1-0

[Event "Leo McMahon"]
[Site "Brantford CAN"]
[Date "2010.01.28"]
[Round "2"]
[White "Nurmi, T."]
[Black "Hendrey, Kevin"]
[Result "1-0"]
[WhiteElo "1850"]
[BlackElo "1688"]
[PlyCount "49"]
[EventDate "2010.01.21"]
[EventType "swiss"]
[EventRounds "5"]
[EventCountry "CAN"]

1. c4 e5 2. Nc3 Nf6 3. g3 d5 4. cxd5 Nxd5 5. Bg2 Nb6 6. Nf3 Nc6 7. a3 Be6 8.
O-O a5 9. b3 Qd7 10. Bb2 Be7 11. Ne4 f6 12. Rc1 Qd5 13. Nxe5 Qxb3 14. Qxb3 Bxb3
15. Nxc6 bxc6 16. Rxc6 Nc4 17. Nc5 Bxc5 18. Rxc5 Rb8 19. Bc3 a4 20. Bc6+ Ke7
21. Bb4 Rxb4 22. axb4 a3 23. Ra1 a2 24. d3 Rd8 25. dxc4 1-0

[Event "Leo McMahon"]
[Site "Brantford CAN"]
[Date "2010.01.28"]
[Round "2"]
[White "Osborne, Donald"]
[Black "Enstrom, Henrik"]
[Result "0-1"]
[WhiteElo "1210"]
[BlackElo "1428"]
[PlyCount "48"]
[EventDate "2010.01.21"]
[EventType "swiss"]
[EventRounds "5"]
[EventCountry "CAN"]

1. e4 c5 2. Nf3 d6 3. d4 cxd4 4. Nxd4 Nf6 5. Nc3 g6 6. Bc4 Bg7 7. O-O O-O 8. h3
a6 9. Be3 b5 10. Bd3 Bb7 11. a3 Nbd7 12. b4 Rc8 13. Nce2 Nxe4 14. f3 Nc3 15.
Nxc3 Rxc3 16. Qd2 Rc8 17. a4 Ne5 18. axb5 axb5 19. Ra7 Bd5 20. Bxb5 Nc4 21. Qd3
Nxe3 22. Qxe3 Qb6 23. Rxe7 Bxd4 24. Qxd4 Qxd4+ 0-1

[Event "Leo McMahon"]
[Site "Brantford CAN"]
[Date "2010.02.04"]
[Round "3"]
[White "Dunkel, Andreas"]
[Black "Osborne, Donald"]
[Result "1-0"]
[WhiteElo "1200"]
[BlackElo "1210"]
[PlyCount "59"]
[EventDate "2010.01.21"]
[EventType "swiss"]
[EventRounds "5"]
[EventCountry "CAN"]

1. d4 d5 2. c4 e6 3. Nc3 Nf6 4. Nf3 Nc6 5. Bf4 Bb4 6. e3 Ne4 7. Qc2 Nxc3 8.
bxc3 Bd6 9. Bd3 g6 10. Bg5 Be7 11. cxd5 exd5 12. Bxe7 Qxe7 13. O-O O-O 14. Rfe1
Bg4 15. Qe2 Qe6 16. Rab1 b6 17. e4 dxe4 18. Bxe4 Bxf3 19. Qxf3 Nxd4 20. cxd4
Rad8 21. d5 Qd7 22. Red1 Qa4 23. Rd2 Rfe8 24. Re1 f5 25. Rde2 fxe4 26. Rxe4
Rxe4 27. Rxe4 Qxa2 28. h4 Qxd5 29. Re8+ Kg7 30. Qf8# 1-0

[Event "Leo McMahon"]
[Site "Brantford CAN"]
[Date "2010.02.04"]
[Round "3"]
[White "Enstrom, Henrik"]
[Black "Mills, Nigel"]
[Result "0-1"]
[WhiteElo "1428"]
[BlackElo "1355"]
[PlyCount "92"]
[EventDate "2010.01.21"]
[EventType "swiss"]
[EventRounds "5"]
[EventCountry "CAN"]

1. d4 d5 2. c4 e6 3. Nc3 Nf6 4. Bg5 dxc4 5. e3 c5 6. Nf3 Qb6 7. Qc2 cxd4 8.
Nxd4 Nd5 9. Bxc4 Nxc3 10. bxc3 Qc5 11. Bb5+ Bd7 12. Bxd7+ Nxd7 13. Bh4 Rc8 14.
Rc1 Nb6 15. O-O Qc4 16. Qb3 e5 17. Nf3 f6 18. Rfd1 Rc7 19. Bg3 Na4 20. Rc2 Qxb3
21. axb3 Rxc3 22. Rxc3 Nxc3 23. Ra1 Ne2+ 24. Kf1 Nxg3+ 25. hxg3 a6 26. Rd1 Bb4
27. Ke2 Ke7 28. Nh4 g6 29. Nf3 Rc8 30. Ne1 Bxe1 31. Kxe1 Rc2 32. Rd5 Rc3 33. b4
Rb3 34. b5 Rxb5 35. Rxb5 axb5 36. Kd2 Kd6 37. Kc2 Kc5 38. Kb3 Kd5 39. Kc3 Kc5
40. Kb3 b4 41. g4 h5 42. gxh5 gxh5 43. g3 f5 44. f3 e4 45. f4 b6 46. Kb2 Kc4
0-1

[Event "Leo McMahon"]
[Site "Brantford CAN"]
[Date "2010.02.04"]
[Round "3"]
[White "Gashi, Agron"]
[Black "Nurmi, T."]
[Result "1/2-1/2"]
[WhiteElo "1922"]
[BlackElo "1850"]
[PlyCount "46"]
[EventDate "2010.01.21"]
[EventType "swiss"]
[EventRounds "5"]
[EventCountry "CAN"]

1. e4 d6 2. d4 Nf6 3. f3 g6 4. c4 Bg7 5. Nc3 O-O 6. Be3 e5 7. Nge2 c6 8. Qd2 a6
9. O-O-O Nbd7 10. dxe5 dxe5 11. h4 h5 12. Kb1 b5 13. Qd6 Bb7 14. Nc1 Re8 15.
Be2 Bf8 16. Qd2 b4 17. Na4 Qa5 18. b3 c5 19. Nd3 Bc6 20. Ndb2 Nb6 21. Nxb6 Qxb6
22. Nd3 a5 23. Qb2 a4 1/2-1/2

[Event "Leo McMahon"]
[Site "Brantford CAN"]
[Date "2010.02.04"]
[Round "3"]
[White "Hendrey, Kevin"]
[Black "Cormier, Gilles"]
[Result "1/2-1/2"]
[WhiteElo "1688"]
[BlackElo "1652"]
[PlyCount "77"]
[EventDate "2010.01.21"]
[EventType "swiss"]
[EventRounds "5"]
[EventCountry "CAN"]

1. Nf3 d5 2. g3 c5 3. Bg2 Nc6 4. c3 e5 5. d3 Nf6 6. Nbd2 Be7 7. Qc2 h6 8. b3
Be6 9. O-O Qd7 10. e4 d4 11. cxd4 Nxd4 12. Nxd4 cxd4 13. Nf3 Rc8 14. Qd2 Bd6
15. Kh1 Bh3 16. Qa5 Bxg2+ 17. Kxg2 b6 18. Qa6 Rc2 19. Ba3 Bxa3 20. Qxa3 Qc7 21.
Rac1 Rc3 22. Rxc3 dxc3 23. Qa4+ Nd7 24. Rc1 O-O 25. Qc4 Rc8 26. Rxc3 Qxc4 27.
Rxc4 Rxc4 28. dxc4 f6 29. Nd2 Kf7 30. Kf3 Ke6 31. Ke3 g6 32. b4 Kd6 33. Nb1 Nb8
34. Nc3 Nc6 35. a3 Nd4 36. Nb5+ Nxb5 37. cxb5 f5 38. f3 fxe4 39. fxe4 1/2-1/2

[Event "Leo McMahon"]
[Site "Brantford CAN"]
[Date "2010.02.11"]
[Round "4"]
[White "Hendon, Lee"]
[Black "Gashgarian, Robert"]
[Result "1-0"]
[WhiteElo "1688"]
[BlackElo "1922"]
[PlyCount "94"]
[EventDate "2010.01.21"]
[EventType "swiss"]
[EventRounds "5"]
[EventCountry "CAN"]

1. d4 Nf6 2. c4 e6 3. Nf3 d5 4. g3 c6 5. Bg2 dxc4 6. a4 Bb4+ 7. Bd2 Qa5 8. O-O
Nbd7 9. Nc3 O-O 10. Qc2 e5 11. dxe5 Nxe5 12. Nxe5 Qxe5 13. Bf4 Qa5 14. Ne4 Nxe4
15. Bxe4 f5 16. Qxc4+ Kh8 17. Bg2 Re8 18. Be3 Be6 19. Qc2 Rad8 20. Rfd1 Kg8 21.
Rxd8 Rxd8 22. Rd1 Be7 23. Rxd8+ Bxd8 24. Bd4 f4 25. Be4 fxg3 26. Bxh7+ Kh8 27.
hxg3 Qe1+ 28. Kg2 Bd5+ 29. Be4 Qb4 30. e3 Bb3 31. Qe2 Bf7 32. Qg4 Bf6 33. Bxf6
gxf6 34. Qf5 Qxe4+ 35. Qxe4 Bd5 36. Qxd5 cxd5 37. Kf3 Kg7 38. Ke2 Kf7 39. Kd3
Ke6 40. Kd4 b6 41. e4 dxe4 42. Kxe4 a6 43. b4 f5+ 44. Kd4 Kd6 45. f3 Ke6 46. g4
fxg4 47. fxg4 Kf6 1-0

[Event "Leo McMahon"]
[Site "Brantford CAN"]
[Date "2010.02.11"]
[Round "4"]
[White "Matthew, Mills"]
[Black "Osborne, Chris"]
[Result "1-0"]
[WhiteElo "1355"]
[BlackElo "1210"]
[PlyCount "25"]
[EventDate "2010.01.21"]
[EventType "swiss"]
[EventRounds "5"]
[EventCountry "CAN"]

1. e4 e5 2. Nf3 Nc6 3. Bb5 Nd4 4. Nxd4 exd4 5. d3 Bc5 6. Qg4 g6 7. e5 Ne7 8.
Bg5 a6 9. Bc4 O-O 10. Qh4 Re8 11. Qh6 d5 12. Bb3 Bf5 13. Bf6 1-0

[Event "Leo McMahon"]
[Site "Brantford CAN"]
[Date "2010.02.11"]
[Round "4"]
[White "Nurmi, Kari"]
[Black "Cormier, Adam"]
[Result "1/2-1/2"]
[WhiteElo "1652"]
[BlackElo "1850"]
[PlyCount "44"]
[EventDate "2010.01.21"]
[EventType "swiss"]
[EventRounds "5"]
[EventCountry "CAN"]

1. b3 d5 2. Bb2 c5 3. e3 Nc6 4. Bb5 Bd7 5. Nf3 f6 6. d4 cxd4 7. exd4 e6 8. O-O
Bd6 9. Re1 Nge7 10. c4 O-O 11. Nc3 a6 12. cxd5 Nxd5 13. Bc4 Nce7 14. a3 b5 15.
Bd3 Nxc3 16. Bxc3 Nd5 17. Qd2 Nxc3 18. Qxc3 Rc8 19. Qb2 Bc6 20. Be4 Bxe4 21.
Rxe4 Qd7 22. Rae1 Rfe8 1/2-1/2

[Event "Leo McMahon"]
[Site "Brantford CAN"]
[Date "2010.02.11"]
[Round "4"]
[White "Russell, Dunk"]
[Black "Ensor, Tyler"]
[Result "0-1"]
[WhiteElo "1200"]
[BlackElo "1428"]
[PlyCount "102"]
[EventDate "2010.01.21"]
[EventType "swiss"]
[EventRounds "5"]
[EventCountry "CAN"]

1. d4 Nf6 2. c4 e6 3. Nc3 d5 4. cxd5 exd5 5. g3 Bf5 6. Bg2 c6 7. Nf3 Nbd7 8.
O-O h6 9. Re1 Bd6 10. e3 O-O 11. Nd2 Re8 12. e4 dxe4 13. Ndxe4 Nxe4 14. Nxe4
Bb4 15. Bd2 Bxd2 16. Qxd2 Nf6 17. Qd3 Nxe4 18. Bxe4 Bxe4 19. Rxe4 Rxe4 20. Qxe4
Qe8 21. Re1 Qxe4 22. Rxe4 Kf8 23. Kg2 Re8 24. f3 Re7 25. h4 g6 26. g4 Ke8 27.
g5 h5 28. Re5 Rxe5 29. dxe5 Ke7 30. f4 Ke6 31. Kf3 Kd5 32. Ke3 a5 33. Kd3 a4
34. Kc3 c5 35. b4 axb3 36. axb3 b5 37. b4 c4 38. Kc2 Ke4 39. e6 fxe6 40. f5
exf5 41. Kd2 f4 42. Ke2 c3 43. Kd1 f3 44. Ke1 c2 45. Kd2 f2 46. Ke2 c1=Q 47.
Kxf2 Qe3+ 48. Kg2 Kf4 49. Kh1 Qd2 50. Kg1 Kf3 51. Kf1 Qf2# 0-1

[Event "Manitoba-ch"]
[Site "Winnipeg CAN"]
[Date "2010.06.04"]
[Round "1.2"]
[White "Araullo, Paolo"]
[Black "Dawa, Arvin"]
[Result "0-1"]
[WhiteElo "2176"]
[BlackElo "2136"]
[PlyCount "74"]
[EventDate "2010.05.25"]
[EventType "k.o."]
[EventRounds "6"]
[EventCountry "CAN"]

1. e4 c6 2. Nf3 d5 3. Nc3 dxe4 4. Nxe4 Nd7 5. d4 Ngf6 6. Bd3 Nxe4 7. Bxe4 Nf6
8. Bd3 Bg4 9. c3 e6 10. O-O Be7 11. Re1 O-O 12. Bf4 Qb6 13. b3 Rfd8 14. Qe2 c5
15. dxc5 Bxc5 16. Rad1 Rd5 17. b4 Be7 18. Be3 Qc7 19. c4 Rd7 20. c5 a5 21. a3
axb4 22. axb4 Nd5 23. Bd2 Ra2 24. Qf1 Bf6 25. Bc4 Ra8 26. Bb5 Rdd8 27. Qc4 Bh5
28. g4 Ra3 29. gxh5 Rxf3 30. Qg4 Ra3 31. Bg5 Bxg5 32. Qxg5 Rh3 33. f4 h6 34.
Qg4 Rb3 35. Rd2 Rxb4 36. Rg2 f5 37. Qg3 Rxb5 0-1

[Event "Manitoba-ch"]
[Site "Winnipeg CAN"]
[Date "2010.05.22"]
[Round "1.2"]
[White "Babb, Jeff"]
[Black "Zaczek, Jonathan"]
[Result "1-0"]
[WhiteElo "2204"]
[BlackElo "2096"]
[PlyCount "135"]
[EventDate "2010.05.25"]
[EventType "k.o."]
[EventRounds "6"]
[EventCountry "CAN"]

1. e4 c5 2. Nc3 Nc6 3. g3 e6 4. Bg2 g6 5. d3 Bg7 6. Be3 d6 7. Qd2 Nge7 8. Bh6
O-O 9. h4 f6 10. Bxg7 Kxg7 11. h5 g5 12. h6+ Kh8 13. f4 g4 14. Nge2 d5 15. exd5
exd5 16. d4 cxd4 17. Nxd4 Nxd4 18. Qxd4 Nf5 19. Qf2 Re8+ 20. Kd2 d4 21. Nd1 Ne3
22. Kc1 Bf5 23. Nxe3 dxe3 24. Qe2 Rc8 25. Rd1 Qa5 26. Rd5 Rc5 27. c4 Be4 28.
Bxe4 Rxe4 29. Rxc5 Qxc5 30. b3 Qd4 31. Rb1 Qc3+ 32. Qc2 Qe1+ 33. Kb2 Qf2 34.
Kc3 Qxc2+ 35. Kxc2 f5 36. Re1 Re6 37. Kd3 Rxh6 38. Rxe3 Rh3 39. b4 Rh6 40. a4
Rd6+ 41. Kc3 Rd7 42. Re5 Rf7 43. c5 Kg7 44. Kd4 Kf6 45. b5 Rc7 46. Rd5 Re7 47.
Rd6+ Kf7 48. c6 bxc6 49. Rxc6 Re4+ 50. Kd5 Rxa4 51. Ke5 Ra5 52. Kxf5 Rxb5+ 53.
Kxg4 a5 54. Rh6 Kg7 55. Ra6 Kf7 56. f5 Kg7 57. Kf4 Rc5 58. g4 Rc4+ 59. Kg5 h6+
60. Kh5 a4 61. Ra7+ Kf6 62. Ra6+ Kg7 63. Rg6+ Kf7 64. Rxh6 a3 65. Ra6 Rc3 66.
Kg5 Rg3 67. Ra7+ Kf8 68. f6 1-0

[Event "Manitoba-ch"]
[Site "Winnipeg CAN"]
[Date "2010.06.01"]
[Round "1.2"]
[White "Lipnowski, Samuel"]
[Black "Khedkar, Jay"]
[Result "1-0"]
[WhiteElo "2224"]
[BlackElo "2063"]
[PlyCount "87"]
[EventDate "2010.05.25"]
[EventType "k.o."]
[EventRounds "6"]
[EventCountry "CAN"]

1. d4 d5 2. c4 e6 3. Nf3 Nf6 4. Nc3 Nbd7 5. Bg5 Be7 6. e3 O-O 7. Rc1 c6 8. Bd3
dxc4 9. Bxc4 Nd5 10. Bxe7 Qxe7 11. O-O Nxc3 12. Rxc3 e5 13. dxe5 Nxe5 14. Nxe5
Qxe5 15. Qf3 Be6 16. Qg3 Qxg3 17. hxg3 Bxc4 18. Rxc4 Rfd8 19. Rfc1 Kf8 20. b4
Rd2 21. R1c2 Rad8 22. g4 Rxc2 23. Rxc2 Rd1+ 24. Kh2 Ke7 25. a4 Kd6 26. Kg3 b6
27. Rc4 c5 28. g5 Rb1 29. bxc5+ bxc5 30. Rh4 Rb4 31. Rxh7 c4 32. Kf3 Rb2 33. g6
fxg6 34. Rxg7 c3 35. Rxg6+ Kc5 36. Rg8 c2 37. Rc8+ Kb4 38. Ke4 a5 39. f4 Kxa4
40. Kd3 c1=Q 41. Rxc1 Rxg2 42. Kc4 Ra2 43. e4 Ka3 44. Kc3 1-0

[Event "Manitoba-ch"]
[Site "Winnipeg CAN"]
[Date "2010.06.29"]
[Round "1.2"]
[White "Vincent, Trevor"]
[Black "Dawa, Arvin"]
[Result "1-0"]
[WhiteElo "2304"]
[BlackElo "2176"]
[PlyCount "113"]
[EventDate "2010.05.25"]
[EventType "k.o."]
[EventRounds "6"]
[EventCountry "CAN"]

1. c4 e5 2. g3 Nf6 3. Bg2 Nc6 4. Nc3 Bc5 5. e3 O-O 6. Nge2 Re8 7. O-O a6 8. d4
Bf8 9. h3 d6 10. b3 g6 11. Bb2 Bg7 12. Qd2 Rb8 13. Rac1 h5 14. d5 Ne7 15. b4 b6
16. e4 Kh7 17. Nd1 Bh6 18. Ne3 Neg8 19. Qd3 Qe7 20. Rc2 Bd7 21. Nc3 Rf8 22. Ba3
b5 23. Rb1 Ne8 24. Qe2 Bg7 25. Bc1 Nh6 26. Bd2 bxc4 27. Nxc4 f5 28. Bxh6 Bxh6
29. exf5 Bxf5 30. Ne4 Qd7 31. Kh2 Nf6 32. Qd3 Kg7 33. Ncd2 Rb5 34. Qc4 Bxd2 35.
Rxd2 Nxe4 36. Bxe4 Bxh3 37. Rc1 Rf7 38. Rc3 Bf5 39. a3 Qe7 40. Bxf5 gxf5 41.
Rdc2 Qg5 42. a4 Rb6 43. a5 Rb5 44. Qe2 Rxb4 45. Rxc7 h4 46. Rxf7+ Kxf7 47. Qxa6
hxg3+ 48. fxg3 Qe7 49. Qe2 Qg5 50. Qa6 Qe7 51. Qc8 f4 52. Rc7 fxg3+ 53. Kxg3
Rb3+ 54. Kf2 Rb2+ 55. Ke3 Rb3+ 56. Kd2 Rb2+ 57. Kc3 1-0

[Event "Manitoba-ch"]
[Site "Winnipeg CAN"]
[Date "2010.07.13"]
[Round "1.2"]
[White "Vincent, Trevor"]
[Black "Lipnowski, Samuel"]
[Result "1/2-1/2"]
[WhiteElo "2304"]
[BlackElo "2224"]
[PlyCount "83"]
[EventDate "2010.05.25"]
[EventType "k.o."]
[EventRounds "6"]
[EventCountry "CAN"]

1. c4 e5 2. g3 Nf6 3. Bg2 d5 4. cxd5 Nxd5 5. Nf3 Nc6 6. O-O Be7 7. d4 e4 8. Ne5
f5 9. Nxc6 bxc6 10. Nd2 O-O 11. Nb3 a5 12. Bd2 a4 13. Na5 Bd7 14. Qxa4 Qe8 15.
Qc2 Kh8 16. Nc4 c5 17. Ne3 Nxe3 18. Bxe3 cxd4 19. Bxd4 Bd6 20. Rfd1 Qf7 21. b3
Rfb8 22. Qc3 Be6 23. e3 Bb4 24. Qc2 Bd6 25. Bf1 h6 26. Be2 Kh7 27. h4 Ra5 28.
Bc3 Ra7 29. Kg2 Rba8 30. Rdb1 Rb7 31. Bd4 Rbb8 32. Bd1 c5 33. Bc3 Ra7 34. Be2
Rab7 35. Rd1 Be7 36. Be5 Ra8 37. Qc3 Rba7 38. Qc2 Rb7 39. Qc3 Rba7 40. Qc2 Rb7
41. Qc3 Rba7 42. Qc2 1/2-1/2

[Event "Manitoba-ch"]
[Site "Winnipeg CAN"]
[Date "2010.05.25"]
[Round "1.2"]
[White "Vincent, Trevor"]
[Black "Raihman, Igal"]
[Result "1-0"]
[WhiteElo "2304"]
[BlackElo "2022"]
[PlyCount "49"]
[EventDate "2010.05.25"]
[EventType "k.o."]
[EventRounds "6"]
[EventCountry "CAN"]

1. c4 Nf6 2. g3 e6 3. Bg2 d5 4. Nf3 Be7 5. O-O O-O 6. d4 Nbd7 7. b3 b6 8. cxd5
exd5 9. Nc3 Bb7 10. Bf4 Bb4 11. Rc1 Qe7 12. Ne5 Rad8 13. Nb5 a6 14. Rxc7 Ba8
15. Na7 Bd6 16. Nec6 Qe6 17. Nxd8 Rxd8 18. Bxd6 Qxd6 19. Qc2 Nc5 20. Rc8 Ne6
21. Rxd8+ Nxd8 22. Nc8 Qe6 23. Qc7 Nc6 24. Nxb6 Ne8 25. Qf4 1-0

[Event "Manitoba-ch"]
[Site "Winnipeg CAN"]
[Date "2010.07.03"]
[Round "1.2"]
[White "Zaczek, Jonathan"]
[Black "Lipnowski, Samuel"]
[Result "0-1"]
[WhiteElo "2096"]
[BlackElo "2224"]
[PlyCount "98"]
[EventDate "2010.05.25"]
[EventType "k.o."]
[EventRounds "6"]
[EventCountry "CAN"]

1. e4 c5 2. Nf3 d6 3. d4 cxd4 4. Nxd4 Nf6 5. Nc3 g6 6. Be3 Bg7 7. f3 Nc6 8. Bc4
Qb6 9. O-O O-O 10. Bb3 Ng4 11. Na4 Nxe3 12. Nxb6 Nxd1 13. Nxc6 bxc6 14. Nxa8
Bd4+ 15. Kh1 Nf2+ 16. Kg1 Nxe4+ 17. Kh1 Nf2+ 18. Kg1 Ba6 19. Rxf2 Rxa8 20. Re1
e5 21. c3 Bb6 22. Ba4 Rc8 23. g4 Kg7 24. g5 h6 25. h4 hxg5 26. hxg5 Rh8 27.
Bxc6 Rh5 28. Re4 Rxg5+ 29. Rg4 Rxg4+ 30. fxg4 Kh6 31. Kg2 Bxf2 32. Kxf2 Kg5 33.
Bd5 f6 34. Kg3 Bc8 35. Bf3 f5 36. gxf5 gxf5 37. Bd5 e4 38. Kf2 Kf4 39. c4 Ke5
40. b4 Kd4 41. Bf7 f4 42. c5 dxc5 43. bxc5 Kxc5 44. Bh5 Kd4 45. Bd1 Kd3 46. Ke1
Ke3 47. Be2 f3 48. Bf1 f2+ 49. Kd1 Bg4+ 0-1

[Event "Manitoba-ch"]
[Site "Winnipeg CAN"]
[Date "2010.06.05"]
[Round "2.2"]
[White "Dawa, Arvin"]
[Black "Araullo, Paolo"]
[Result "1/2-1/2"]
[WhiteElo "2176"]
[BlackElo "2136"]
[PlyCount "85"]
[EventDate "2010.05.25"]
[EventType "k.o."]
[EventRounds "6"]
[EventCountry "CAN"]

1. d4 Nf6 2. Nf3 g6 3. c4 Bg7 4. Nc3 d5 5. e3 O-O 6. Be2 Bf5 7. O-O dxc4 8.
Bxc4 c6 9. a4 Nbd7 10. h3 Qc7 11. Qb3 Nb6 12. Be2 Rad8 13. Rd1 a5 14. Bd2 Nbd5
15. Nxd5 Nxd5 16. Rac1 Rd7 17. Be1 h6 18. Rc5 b6 19. Rcc1 Qd6 20. Bc4 Nb4 21.
Ne5 Bxe5 22. dxe5 Qxe5 23. Rxd7 Bxd7 24. Bxb4 axb4 25. Qxb4 b5 26. axb5 cxb5
27. Be2 Rb8 28. Qc3 Qxc3 29. Rxc3 Kf8 30. Rc7 Ke8 31. b4 e6 32. Rc5 Ke7 33. Kh2
Kd6 34. Kg3 g5 35. h4 f6 36. f4 e5 37. hxg5 hxg5 38. fxe5+ fxe5 39. Bg4 Bc6 40.
Bf3 Bd7 41. Bg4 Bc6 42. Bf3 Bd7 43. Bg4 1/2-1/2